000 004850000a22001930004500
001 003293
003 MACL
005 20151025122914.0
008 151025b xxu||||| |||| 00| 0 eng d
040 _aMACL
_cMACL
041 _aEnglish
082 _a928.54/LAL
100 _aLalye, P.G.
_916646
245 _aMallinatha
_bMakers Of Indian Literature
_cP.G. Lalye
260 _aNew Delhi
_c2002
_bSahitya Akademi,
350 _a25
650 _aBiography
_916647
942 _k929
_cBK
_2ddc
999 _c15198
_d15198